000
00250nam a2200097Ia 4500
008
230915s9999 xx 000 0 und d
050
_a
PZ4.V35 1976
100
_a
LUISA VALENZUELA
245
0
_a
CLARA: THIRTEEN SHORT STORIES AND NOVEL
942
_c
BK
999
_c
180934
_d
180934